000 004100000a22001330004500
008 230817t ||||| |||| 00| 0 eng d
245 _aThe Thatched Patio, v.6 no. 6
246 _aConflict and Resolution:
_bGlobal and National
260 _aColombo:
_bInternational Centre for Ethnic Studies,
_c1993
300 _b65 p. ; 25 cm
650 _aCapitalism
650 _aDiscrimination, racial- Africa
942 _cCR
999 _c2040
_d2040